000 01558nam0a2200361 4500
001 RU\NLR\bibl\582106
005 20260405075928.0
010 _a5-8064-0780-7
_9300
021 _aRU
_b2004-64131
_93166
035 _a(NLR Aleph) 000574102
090 _a1611067
_c1611067
100 _a20041209d2004 |||y0rusy50 ca
101 0 _arus
102 _aRU
105 _ay |||||||||
135 _acrmn mmmanaba
200 1 _aМир и человек в философии Стои
_fА.С. Степанова
_gРос. гос. пед. ун-т им. А.И. Герцена
210 _aСПб.
_cИзд-во РГПУ
_d2004
215 _a159, [1] с.
_d20
320 _aБиблиогр. в конце кн. и в подстроч. прим.
325 1 _aКопия доступна в электронной библиотеке РНБ
606 0 _aСтоицизм
_xИстория
_92334449
_3RU\NLR\auth\661395779
686 _aЮ3(0)322-231
686 _aЮ3(0)323-231
700 1 _4070
_7ca
_8rus
_aСтепанова
_bА. С.
_cд-р филос. наук
_gАнна Сергеевна
_910339
_3RU\NLR\auth\7727304
801 0 _aRU
_bNLR
_c20041209
_gPSBO
801 1 _aRU
_bNLR
_c20041209
901 _eКнижные издания
942 _cBOOK
980 _aNB
981 1 3 _a(13) Документы, защищенные авторским правом
_b(13) Современная научная, научно-популярная и популярная л